Sartre-Lacan: el verbo ser. Entre concepto y fantasma
Tallennettuna:
| Päätekijä: | |
|---|---|
| Aineistotyyppi: | Kirja |
| Kieli: | espanja |
| Julkaistu: |
Buenos Aires
Catálogos
2006
|
| Aiheet: | |
| Tagit: |
Lisää tagi
Ei tageja, Lisää ensimmäinen tagi!
|
MARC
| LEADER | 00000cam a2200000 a 4500 | ||
|---|---|---|---|
| 001 | UCF9047 | ||
| 003 | CL-VaPUC | ||
| 008 | 131018e20060000ag |||||||||||||||||spa|d | ||
| 020 | |a 9508952180 | ||
| 082 | 0 | 4 | |a 194 |b VAS |2 21 |
| 100 | 0 | |a Vasallo, Sara |e author |9 571210 | |
| 245 | 1 | 0 | |a Sartre-Lacan: el verbo ser. Entre concepto y fantasma |
| 300 | |a 283 p | ||
| 942 | |c BK | ||
| 945 | |d 20131018 14:00:00 |a dcastane | ||
| 260 | |a Buenos Aires |b Catálogos |c 2006 | ||
| 650 | 0 | |a Filosofía francesa |9 255698 | |
| 650 | 0 | |a Filósofos franceses |9 314621 | |
| 650 | 0 | |a Psicoanálisis |9 265702 | |
| 583 | |a last modification |c 20131018 14:00:00 |k Rodrigo Vera | ||
| 999 | |c 353532 |d 353530 | ||
| 952 | |0 0 |1 0 |3 erb |4 0 |6 194_000000000000000_VAS_2006 |7 0 |8 A |9 458846 |a BIBEDU |b BIBEDU |d 2019-11-23 |i 5019850 |l 1 |m 1 |o 194 VAS 2006 |p 5019850 |r 2023-08-24 |s 2023-08-07 |w 2019-11-23 |y BK |z Catalogado en:20131018 |k PSI | ||